Gandhism : Nationalism : Socialism (Record no. 1212992)

MARC details
000 -LEADER
fixed length control field 00505nam a2200193Ia 4500
008 - FIXED-LENGTH DATA ELEMENTS--GENERAL INFORMATION
fixed length control field 151121s9999||||xx |||||||||||||| ||und||
082 ## - DEWEY DECIMAL CLASSIFICATION NUMBER
Classification number 320।55/Roy
082 ## - DEWEY DECIMAL CLASSIFICATION NUMBER
Item number HNW-4977
100 ## - MAIN ENTRY--PERSONAL NAME
Personal name Roy M।N।
245 ## - TITLE STATEMENT
Title Gandhism : Nationalism : Socialism
260 ## - PUBLICATION, DISTRIBUTION, ETC. (IMPRINT)
Name of publisher, distributor, etc Bengal Radical Club।
260 ## - PUBLICATION, DISTRIBUTION, ETC. (IMPRINT)
Date of publication, distribution, etc --
300 ## - PHYSICAL DESCRIPTION
Extent 130
600 ## - SUBJECT ADDED ENTRY--PERSONAL NAME
Personal name Roy M।N।
630 ## - SUBJECT ADDED ENTRY--UNIFORM TITLE
Uniform title Gandhism : Nationalism : Socialism
700 ## - ADDED ENTRY--PERSONAL NAME
Personal name Roy M।N।
730 ## - ADDED ENTRY--UNIFORM TITLE
Uniform title Gandhism : Nationalism : Socialism
942 ## - ADDED ENTRY ELEMENTS (KOHA)
Koha item type Book
Holdings
Withdrawn status Lost status Damaged status Not for loan Home library Current library Date acquired Cost, normal purchase price Total Checkouts Full call number Barcode Date last seen Cost, replacement price Price effective from Koha item type
        Hirachand Nemchand Wachanalaya, Solapur Hirachand Nemchand Wachanalaya, Solapur 11/21/2015 1.00   HNW-4977 HNW-4977 11/21/2015 1.00 11/21/2015 Book